Statistics for Countries that Start with A - Shape Quiz - 30 Seconds

Click here to take the quiz!

General Stats

  • This quiz has been taken 759 times
  • The average score is 9 of 11

Answer Stats

Country% Correct
Australia
99%
Argentina
95%
Algeria
94%
Austria
89%
Afghanistan
84%
Antigua and Barbuda
81%
Albania
79%
Azerbaijan
76%
Angola
67%
Armenia
65%
Andorra
57%

Score Distribution

Percentile by Number Answered

Percent of People with Each Score

Your Score History

You have not taken this quiz